000 01078nam a22003017a 4500
003 CHAP
005 20220329140646.0
008 971013s1965 r 00010 d
010 _a55511
011 _a56483
035 _a60636
040 _cCHAP
082 _a634.922
_bY68
100 0 0 _aYoungberg, Chester T.
_eed.
_9123244
245 _aForest-soil relationships in North America
_b: papaers presented at the second North American Forest Soils Conference, August 1963
260 _aCorvallis :
_bOregon State University,
_c1965
300 _a532 p.
_b: ilus.
590 _aBATCH-UPD
_b10
_c20130110
_lUCH01
_h0519
590 _aBATCH-UPD
_b10
_c20130410
_lUCH01
_h0158
590 _aBATCH-UPD
_b10
_c20130914
_lUCH01
_h1252
590 _aCONVERSION
_b10
_c20130109
_lUCH01
_h1330
650 1 4 _aEcologĂ­a forestal.
_935176
650 1 4 _aSuelos forestales.
_9110548
901 _aBK
942 _cLIBRO
949 _a634.922 Y68
_bBC
_cLIBRO
_d33724000234118
_eLIBRO
_h23541
_i60636
_si
_t138.00
949 _a634.922 Y68
_bBC
_cLIBRO
_d33724000234126
_eLIBRO
_fc.2
_h29606
_i60636
_si
_t138.00
999 _c55511
_d55511